[Event "Oberliga Nord W 1516"]
[Site "Germany"]
[Date "2016.04.10"]
[Round "9.3"]
[White "Markgraf, Stefan"]
[Black "Bangiev, Alexander J"]
[Result "1/2-1/2"]
[WhiteElo "2121"]
[BlackElo "2390"]
[PlyCount "107"]
[EventDate "2015.09.20"]
[EventType "team-tourn"]
[EventRounds "9"]
[EventCountry "GER"]
[SourceTitle "EXT 2017"]
[Source "ChessBase"]
[SourceDate "2016.10.25"]
[SourceVersion "1"]
[SourceVersionDate "2016.10.25"]
[SourceQuality "1"]
[WhiteTeam "Goettingen Tempo"]
[BlackTeam "Hannover"]
[WhiteTeamCountry "GER"]
[BlackTeamCountry "GER"]

1. e4 c5 2. c3 e5 3. Nf3 Nc6 4. Be2 Nf6 5. d3 Be7 6. c4 d6 7. Nc3 0-0 8. 0-0 Ne8 9. Nd5 f5 10. a3 f4 11. b4 g5 12. Nd2 Ng7 13. Bb2 Ne6 14. Bg4 Bf6 15. Nb3 b6 16. b5 Ncd4 17. Bxd4 exd4 18. a4 Rf7 19. a5 Rb8 20. Qf3 Be5 21. axb6 axb6 22. Qh3 Ng7 23. Bxc8 Rxc8 24. Ra6 Rb8 25. Rfa1 h5 26. f3 g4 27. fxg4 Qg5 28. gxh5 f3 29. Ra8 Rxa8 30. Rxa8+ Kh7 31. Ra2 Bf4 32. g3 Be3+ 33. Kf1 Qxh5 34. Qxh5+ Nxh5 35. Nd2 f2 36. Nb3 Nf6 37. Nxf6+ Rxf6 38. Ra1 Rf7 39. Ke2 Kg6 40. Kf1 Kg5 41. Kg2 Kg4 42. h3+ Kh5 43. Rd1 Kg5 44. Nc1 f1Q+ 45. Rxf1 Rxf1 46. Kxf1 Bxc1 47. Kf2 Kh5 48. Kf3 Bh6 49. Kg2 Bg7 50. Kf3 Be5 51. Kg2 Kg5 52. Kf3 Kh5 53. Kg2 Kg5 54. Kf3 1/2-1/2

[Event "Oberliga Nord W 1516"]
[Site "Germany"]
[Date "2015.12.13"]
[Round "4.3"]
[White "Bangiev, Alexander J"]
[Black "Hundack, Rolf"]
[Result "1-0"]
[WhiteElo "2393"]
[BlackElo "2177"]
[PlyCount "63"]
[EventDate "2015.09.20"]
[EventType "team-tourn"]
[EventRounds "9"]
[EventCountry "GER"]
[SourceTitle "CBM 170 Extra"]
[Source "ChessBase"]
[SourceDate "2016.02.25"]
[SourceVersion "1"]
[SourceVersionDate "2016.02.25"]
[SourceQuality "1"]
[WhiteTeam "Hannover"]
[BlackTeam "Bremer SG"]
[WhiteTeamCountry "GER"]
[BlackTeamCountry "GER"]

1. e4 e5 2. f4 d5 3. exd5 c6 4. Nc3 exf4 5. Bc4 Bd6 6. d4 Ne7 7. Nge2 f3 8. gxf3 Nxd5 9. Ne4 Qh4+ 10. N2g3 Bxg3+ 11. Nxg3 0-0 12. 0-0 Bh3 13. Re1 f5 14. f4 Bg4 15. Qd2 Nd7 16. Qf2 N7f6 17. Bd2 Bh3 18. Re2 Bg4 19. Re5 Kh8 20. Bf1 Nh5 21. Rae1 Ndf6 22. Nh1 g5 23. fxg5 Qxf2+ 24. Nxf2 Nd5 25. Nxg4 fxg4 26. Be2 Ng7 27. Bxg4 Rf7 28. c4 Nb6 29. b3 Raf8 30. Bb4 Rg8 31. Be7 Rf4 32. R5e4 1-0

[Event "Oberliga Nord W 1516"]
[Site "Germany"]
[Date "2015.10.11"]
[Round "2.3"]
[White "Bangiev, Alexander J"]
[Black "Mueer, Sebastian"]
[Result "1-0"]
[WhiteElo "2392"]
[BlackElo "2197"]
[PlyCount "99"]
[EventDate "2015.09.20"]
[EventType "team-tourn"]
[EventRounds "9"]
[EventCountry "GER"]
[SourceTitle "CBM 170 Extra"]
[Source "ChessBase"]
[SourceDate "2016.02.25"]
[SourceVersion "1"]
[SourceVersionDate "2016.02.25"]
[SourceQuality "1"]
[WhiteTeam "Hannover"]
[BlackTeam "Oldenburg Union"]
[WhiteTeamCountry "GER"]
[BlackTeamCountry "GER"]

1. e4 c5 2. Nc3 a6 3. a4 Nc6 4. f4 g6 5. Nf3 Bg7 6. d3 d6 7. Be2 e5 8. fxe5 dxe5 9. 0-0 Nge7 10. Be3 Nd4 11. Qd2 f6 12. Bd1 Be6 13. b3 Qa5 14. Nb1 Nec6 15. Qxa5 Nxa5 16. Nfd2 0-0-0 17. Nc4 Nxc4 18. bxc4 f5 19. Nc3 f4 20. Bf2 Bf8 21. Bh4 Rd7 22. Nd5 Rf7 23. c3 Nc6 24. a5 h6 25. Bf2 Bd6 26. Nb6+ Kc7 27. Na4 Nxa5 28. Nxc5 Bxc5 29. Bxc5 Nc6 30. Rb1 Rd7 31. Bb6+ Kb8 32. Be2 h5 33. h3 g5 34. Rfd1 Rg7 35. d4 f3 36. Bf1 g4 37. d5 gxh3 38. dxe6 hxg2 39. Bd3 Ne7 40. Bc2 Ng6 41. Rd3 Rf8 42. e7 Rxe7 43. Rbd1 f2+ 44. Bxf2 Ref7 45. Bb6 Rf1+ 46. Kxg2 Nf4+ 47. Kxf1 Nxd3+ 48. Kg1 Nb2 49. Rd5 Re8 50. Bb3 1-0

[Event "Oberliga Nord W 1415"]
[Site "Germany"]
[Date "2015.04.12"]
[Round "9.3"]
[White "Mueller, Oliver"]
[Black "Bangiev, Alexander J"]
[Result "1-0"]
[WhiteElo "2255"]
[BlackElo "2400"]
[PlyCount "97"]
[EventDate "2014.09.22"]
[EventType "team-tourn"]
[EventRounds "9"]
[EventCountry "GER"]
[SourceTitle "EXT 2016"]
[Source "ChessBase"]
[SourceDate "2015.10.08"]
[SourceVersion "1"]
[SourceVersionDate "2015.10.08"]
[SourceQuality "1"]
[WhiteTeam "Werder Bremen II"]
[BlackTeam "Hannover"]
[WhiteTeamCountry "GER"]
[BlackTeamCountry "GER"]

1. Nf3 d5 2. d4 Nf6 3. e3 e6 4. Bd3 c5 5. c3 Nc6 6. Nbd2 Be7 7. 0-0 0-0 8. Qe2 Qc7 9. dxc5 Bxc5 10. e4 dxe4 11. Nxe4 Nxe4 12. Qxe4 f5 13. Qh4 Be7 14. Bg5 Bxg5 15. Nxg5 h6 16. Nf3 Bd7 17. Rfe1 Rae8 18. Qc4 Qb8 19. Rad1 Kh8 20. Bc2 Rd8 21. b4 a6 22. a4 Qc8 23. Bb3 Rde8 24. Qc5 e5 25. Nxe5 Nxe5 26. Rxe5 Rxe5 27. Qxe5 Re8 28. Qd4 Bc6 29. f3 Re2 30. Bc4 Rb2 31. Qc5 Qe8 32. Qxf5 Rd2 33. Rxd2 Qe1+ 34. Bf1 Qxd2 35. Qd3 Qxd3 36. Bxd3 Bxa4 37. Be4 b6 38. Kf2 Kg8 39. Ke3 Kf7 40. Kd4 Ke6 41. f4 Bd1 42. c4 Kd6 43. c5+ bxc5+ 44. bxc5+ Kc7 45. Kc4 a5 46. Kb5 a4 47. Kb4 h5 48. g3 Kd8 49. Bc6 1-0

[Event "Oberliga Nord W 1415"]
[Site "Germany"]
[Date "2015.01.18"]
[Round "5.3"]
[White "Stock, Joerg"]
[Black "Bangiev, Alexander J"]
[Result "0-1"]
[WhiteElo "2220"]
[BlackElo "2400"]
[PlyCount "124"]
[EventDate "2014.09.22"]
[EventType "team-tourn"]
[EventRounds "9"]
[EventCountry "GER"]
[SourceTitle "EXT 2016"]
[Source "ChessBase"]
[SourceDate "2015.10.08"]
[SourceVersion "1"]
[SourceVersionDate "2015.10.08"]
[SourceQuality "1"]
[WhiteTeam "Hellern"]
[BlackTeam "Hannover"]
[WhiteTeamCountry "GER"]
[BlackTeamCountry "GER"]

1. e4 c6 2. d4 d5 3. Nc3 dxe4 4. Nxe4 Nf6 5. Nxf6+ exf6 6. c3 Bd6 7. Bd3 0-0 8. Ne2 Re8 9. 0-0 Qc7 10. h3 Nd7 11. Be3 Nf8 12. c4 Be6 13. Rc1 Qd7 14. Nf4 Bf5 15. Bxf5 Qxf5 16. Qd3 Qe4 17. Qxe4 Rxe4 18. Ne2 Ree8 19. Rfd1 Rad8 20. Kf1 f5 21. d5 c5 22. b4 b6 23. bxc5 bxc5 24. Bf4 Bxf4 25. Nxf4 Re4 26. Nd3 Nd7 27. Re1 Kf8 28. f3 Rd4 29. Ne5 Nxe5 30. Rxe5 g6 31. Rb1 Rxc4 32. Rb7 Re8 33. Rxe8+ Kxe8 34. Rxa7 Rd4 35. Ke2 Rxd5 36. a4 Rd4 37. Rc7 Rxa4 38. Rxc5 Ra2+ 39. Kf1 Ke7 40. Rc6 Rd2 41. Ra6 Rb2 42. Rc6 Rb5 43. Kf2 f4 44. Rc4 Rf5 45. Rc6 Kf8 46. Ra6 Kg7 47. Ra2 Kh6 48. Rb2 Kg5 49. Ra2 Rb5 50. Rc2 Kh4 51. Ra2 h5 52. Rc2 g5 53. Ra2 f5 54. Rc2 g4 55. hxg4 fxg4 56. fxg4 hxg4 57. Ra2 Rb3 58. Rc2 g3+ 59. Ke2 f3+ 60. gxf3 g2 61. Rc4+ Kh3 62. Rg4 Rb1 0-1

[Event "Oberliga Nord W 1314"]
[Site "Germany"]
[Date "2014.02.23"]
[Round "7.1"]
[White "Hedke, Fred"]
[Black "Bangiev, Alexander J"]
[Result "0-1"]
[WhiteElo "2300"]
[BlackElo "2409"]
[PlyCount "88"]
[EventDate "2013.10.13"]
[EventType "team-tourn"]
[EventRounds "9"]
[EventCountry "GER"]
[SourceTitle "EXT 2015"]
[Source "ChessBase"]
[SourceDate "2014.11.20"]
[SourceVersion "1"]
[SourceVersionDate "2014.11.20"]
[SourceQuality "1"]
[WhiteTeam "Delmenhorst"]
[BlackTeam "Hannover"]
[WhiteTeamCountry "GER"]
[BlackTeamCountry "GER"]

1. c4 Nf6 2. Nc3 g6 3. g3 Bg7 4. Bg2 0-0 5. e4 d6 6. Nge2 c5 7. 0-0 Nc6 8. d3 Bd7 9. h3 Ne8 10. Be3 Nd4 11. f3 a6 12. Bf2 Nc7 13. Nxd4 cxd4 14. Nd5 Nxd5 15. exd5 e5 16. dxe6 fxe6 17. Qe2 e5 18. b4 Qc8 19. Kh2 Bc6 20. a4 b6 21. Be1 Qb7 22. Bd2 Qc7 23. a5 Rae8 24. axb6 Qxb6 25. Ra5 Rf7 26. h4 h5 27. Raa1 Qb7 28. f4 e4 29. Bxe4 Bxe4 30. dxe4 d3 31. Qxd3 Bxa1 32. Rxa1 Qxe4 33. Qxe4 Rxe4 34. Be1 Re2+ 35. Kg1 Rfe7 36. Bf2 Rc2 37. b5 axb5 38. cxb5 Ree2 39. b6 Rxf2 40. b7 Rg2+ 41. Kh1 Rh2+ 42. Kg1 Rcg2+ 43. Kf1 Rb2 44. Kg1 Rhc2 0-1

[Event "Oberliga Nord W 1213"]
[Site "Germany"]
[Date "2013.03.17"]
[Round "8.1"]
[White "Bangiev, Alexander J"]
[Black "Bode, Wilfried"]
[Result "1/2-1/2"]
[WhiteElo "2433"]
[BlackElo "2346"]
[PlyCount "83"]
[EventDate "2012.10.14"]
[EventType "team-tourn"]
[EventRounds "9"]
[EventCountry "GER"]
[SourceTitle "EXT 2014"]
[Source "ChessBase"]
[SourceDate "2013.11.20"]
[SourceVersion "1"]
[SourceVersionDate "2013.11.20"]
[SourceQuality "1"]
[WhiteTeam "Hannover"]
[BlackTeam "Hameln"]
[WhiteTeamCountry "GER"]
[BlackTeamCountry "GER"]

1. d4 d6 2. Nc3 g6 3. e4 Nf6 4. Nf3 Bg7 5. Be2 0-0 6. 0-0 Nc6 7. d5 Nb8 8. Bg5 h6 9. Bh4 c6 10. Qd2 g5 11. Bg3 Nh5 12. Rad1 Nxg3 13. hxg3 Qb6 14. Na4 Qc7 15. c4 a6 16. Nc3 Qb6 17. Nd4 Qxd4 18. Qxd4 Bxd4 19. Rxd4 b5 20. b4 Bb7 21. Rd2 bxc4 22. Bxc4 Nd7 23. dxc6 Bxc6 24. Rc1 Rfc8 25. Rdc2 Kf8 26. f3 e6 27. Be2 Bb7 28. Kf2 Nb6 29. a3 Rc6 30. b5 Rc5 31. bxa6 Bxa6 32. Bxa6 Rxa6 33. Nb1 Nd7 34. Rxc5 Nxc5 35. Rc3 Rb6 36. Nd2 Rb2 37. Ke3 Ra2 38. e5 Ke7 39. exd6+ Kxd6 40. Nc4+ Kd5 41. Nb6+ Kd6 42. Nc4+ 1/2-1/2

[Event "Oberliga Nord W 1112"]
[Site "Germany"]
[Date "2012.04.15"]
[Round "9.1"]
[White "Breutigam, Martin"]
[Black "Bangiev, Alexander J"]
[Result "1/2-1/2"]
[WhiteElo "2377"]
[BlackElo "2432"]
[PlyCount "120"]
[EventDate "2011.10.02"]
[EventType "team-tourn"]
[EventRounds "9"]
[EventCountry "GER"]
[SourceTitle "EXT 2013"]
[Source "ChessBase"]
[SourceDate "2012.11.22"]
[SourceVersion "1"]
[SourceVersionDate "2012.11.22"]
[SourceQuality "1"]
[WhiteTeam "Oldenburg Union"]
[BlackTeam "Hannover"]
[WhiteTeamCountry "GER"]
[BlackTeamCountry "GER"]

1. Nf3 d5 2. c4 e6 3. g3 f5 4. Bg2 Nf6 5. 0-0 Be7 6. b3 0-0 7. Bb2 c6 8. d3 a5 9. a3 Nbd7 10. Nbd2 Qe8 11. e3 Qg6 12. Qe2 Nh5 13. Rae1 Bd6 14. Nh4 Qh6 15. f4 Bc5 16. Ndf3 Ndf6 17. Ne5 Bd7 18. Qd2 Rfd8 19. b4 axb4 20. axb4 Be7 21. c5 Ng4 22. Nhf3 Nxe5 23. Nxe5 Be8 24. Ra1 Rab8 25. Ra7 g5 26. Bd4 Qf8 27. Rc1 g4 28. Qa2 Ng7 29. h3 h5 30. h4 Kh7 31. Qa5 Bf6 32. Qa1 Be7 33. Rc2 Kh6 34. Rca2 Bg6 35. Nxc6 bxc6 36. Bxg7+ Qxg7 37. Qxg7+ Kxg7 38. Rxe7+ Kf6 39. Rc7 Be8 40. Ra4 Rb5 41. e4 fxe4 42. dxe4 dxe4 43. Bxe4 Rd4 44. Bxc6 Bxc6 45. Rxc6 Rdxb4 46. Rxb4 Rxb4 47. Rb6 Rc4 48. c6 Kf5 49. Kf2 Ke4 50. Ke2 Rc2+ 51. Kd1 Rc3 52. Kd2 Rc4 53. Ra6 Rc5 54. Rb6 Rc4 55. c7 Rxc7 56. Rxe6+ Kf3 57. Re3+ Kf2 58. Rd3 Rc8 59. Kd1 Rc7 60. Kd2 Rc8 1/2-1/2

[Event "Oberliga Nord W 1112"]
[Site "Germany"]
[Date "2012.03.18"]
[Round "8.1"]
[White "Bangiev, Alexander J"]
[Black "Bode, Wilfried"]
[Result "0-1"]
[WhiteElo "2432"]
[BlackElo "2356"]
[PlyCount "82"]
[EventDate "2011.10.02"]
[EventType "team-tourn"]
[EventRounds "9"]
[EventCountry "GER"]
[SourceTitle "EXT 2013"]
[Source "ChessBase"]
[SourceDate "2012.11.22"]
[SourceVersion "1"]
[SourceVersionDate "2012.11.22"]
[SourceQuality "1"]
[WhiteTeam "Hannover"]
[BlackTeam "Hameln"]
[WhiteTeamCountry "GER"]
[BlackTeamCountry "GER"]

1. d4 g6 2. Bf4 Bg7 3. Nc3 d6 4. Nf3 Nd7 5. e3 a6 6. a4 b6 7. Bc4 e6 8. 0-0 Ne7 9. e4 h6 10. h3 0-0 11. Re1 Bb7 12. Qe2 g5 13. Bg3 Ng6 14. Rad1 Qe7 15. Nh2 c6 16. Nf1 b5 17. Bb3 Rfd8 18. Ne3 Nf4 19. Qf3 c5 20. Bxf4 gxf4 21. Qxf4 cxd4 22. Ng4 dxc3 23. Nxh6+ Kf8 24. bxc3 Ne5 25. axb5 axb5 26. Ng4 Rac8 27. Re3 Ng6 28. Qg3 Qh4 29. Qf3 Ke7 30. Qe2 Rc5 31. Qe1 Qh8 32. Red3 Ne5 33. Nxe5 Bxe5 34. Qe3 Qh4 35. Re1 Rdc8 36. Qe2 Bxc3 37. Red1 Be5 38. Re3 Bc6 39. Rf1 Rg8 40. Kh1 Bd4 41. Rd3 Qxe4 0-1

[Event "Oberliga Nord W 1112"]
[Site "Germany"]
[Date "2012.02.05"]
[Round "6.1"]
[White "Bangiev, Alexander J"]
[Black "Guennigmann, Manuel"]
[Result "1-0"]
[WhiteElo "2432"]
[BlackElo "2160"]
[PlyCount "151"]
[EventDate "2011.10.02"]
[EventType "team-tourn"]
[EventRounds "9"]
[EventCountry "GER"]
[SourceTitle "EXT 2013"]
[Source "ChessBase"]
[SourceDate "2012.11.22"]
[SourceVersion "1"]
[SourceVersionDate "2012.11.22"]
[SourceQuality "1"]
[WhiteTeam "Hannover"]
[BlackTeam "Stade"]
[WhiteTeamCountry "GER"]
[BlackTeamCountry "GER"]

1. d4 Nf6 2. Bf4 g6 3. Nc3 d5 4. Qd2 Bg7 5. Bh6 Bxh6 6. Qxh6 Qd6 7. Nf3 c6 8. e3 Nbd7 9. 0-0-0 Nf8 10. Ne5 Ne6 11. f4 Ng8 12. Qh4 h5 13. e4 Nh6 14. Qg3 Nc7 15. f5 gxf5 16. exd5 cxd5 17. Re1 Be6 18. Bb5+ Kf8 19. Bd3 Ng4 20. Rhf1 Nxe5 21. dxe5 Qd7 22. Qg5 d4 23. Ne2 Qd5 24. Nf4 Qxa2 25. Bxf5 Qa1+ 26. Kd2 Qa5+ 27. Kd1 Qa1+ 28. Ke2 Bc4+ 29. Bd3 Bxd3+ 30. Nxd3 Qa6 31. Kd1 Qh6 32. Qh4 Ne6 33. Nf4 Nxf4 34. Rxf4 Rg8 35. e6 f6 36. g3 Qg5 37. Qxg5 Rxg5 38. Rxd4 Ke8 39. Kc1 Rd8 40. Rxd8+ Kxd8 41. Rd1+ Ke8 42. Rd7 Rb5 43. c4 Rb6 44. Kc2 Rxe6 45. Rxb7 a6 46. Kd3 Kd8 47. c5 Kc8 48. Ra7 Kb8 49. Rd7 Re1 50. Kc4 Re5 51. b4 Re4+ 52. Kd5 Re5+ 53. Kc4 Re4+ 54. Kb3 Re2 55. h4 Re3+ 56. Ka4 Kc8 57. Ra7 Rxg3 58. Rxe7 f5 59. Rh7 f4 60. Ka5 Rg6 61. Rf7 f3 62. Rxf3 Rg4 63. b5 axb5 64. Kb6 Rg8 65. Ra3 Kb8 66. c6 Rg6 67. Rf3 Rg8 68. Rf5 b4 69. Rxh5 b3 70. Rb5 Rh8 71. h5 b2 72. Rxb2 Rxh5 73. Rg2 Rh8 74. Rg7 Rf8 75. Rb7+ Kc8 76. Ra7 1-0

[Event "Oberliga Nord W 1112"]
[Site "Germany"]
[Date "2011.11.20"]
[Round "3.1"]
[White "Bangiev, Alexander J"]
[Black "Braun, Vitali"]
[Result "1/2-1/2"]
[WhiteElo "2432"]
[BlackElo "2364"]
[PlyCount "56"]
[EventDate "2011.10.02"]
[EventType "team-tourn"]
[EventRounds "9"]
[EventCountry "GER"]
[SourceTitle "EXT 2013"]
[Source "ChessBase"]
[SourceDate "2012.11.22"]
[SourceVersion "1"]
[SourceVersionDate "2012.11.22"]
[SourceQuality "1"]
[WhiteTeam "Hannover"]
[BlackTeam "Braunschweig Gliesmarode"]
[WhiteTeamCountry "GER"]
[BlackTeamCountry "GER"]

1. d4 d5 2. Nf3 Nf6 3. Bf4 e6 4. e3 Be7 5. Nbd2 0-0 6. Bd3 c5 7. c3 Nc6 8. Ng5 Bd6 9. Bxd6 Qxd6 10. f4 cxd4 11. cxd4 Bd7 12. 0-0 Nb4 13. Bb1 Bb5 14. Rf3 Bd3 15. a3 Bxb1 16. Rxb1 Nc6 17. Rh3 h6 18. Ngf3 Ng4 19. Ne5 Ngxe5 20. fxe5 Qe7 21. Qg4 f5 22. exf6 Rxf6 23. Rf3 Raf8 24. Rbf1 e5 25. Rxf6 Rxf6 26. Rxf6 Qxf6 27. Qf3 Qe6 28. Qf2 exd4 1/2-1/2

[Event "Oberliga Nord W 1011"]
[Site "Germany"]
[Date "2010.10.24"]
[Round "2.1"]
[White "Bangiev, Alexander J"]
[Black "Gutman, Lev"]
[Result "1/2-1/2"]
[WhiteElo "2440"]
[BlackElo "2425"]
[PlyCount "104"]
[EventDate "2010.10.10"]
[EventType "team-tourn"]
[EventRounds "9"]
[EventCountry "GER"]
[SourceTitle "EXT 2012"]
[Source "ChessBase"]
[SourceDate "2011.11.24"]
[SourceVersion "1"]
[SourceVersionDate "2011.11.24"]
[SourceQuality "1"]
[WhiteTeam "Hannover PSC"]
[BlackTeam "Melle III"]
[WhiteTeamCountry "GER"]
[BlackTeamCountry "GER"]

1. e4 c5 2. Nf3 d6 3. d4 cxd4 4. Nxd4 Nf6 5. Nc3 a6 6. Qf3 Qb6 7. Nb3 e6 8. Qg3 Qc7 9. a4 Nc6 10. Bd3 h5 11. h3 h4 12. Qe3 g6 13. 0-0 Bg7 14. a5 e5 15. Nd5 Nxd5 16. exd5 Ne7 17. c4 Bf5 18. Bd2 Rc8 19. Rac1 Bxd3 20. Qxd3 Qd7 21. Bb4 0-0 22. Rfd1 Rfd8 23. Bd2 Nf5 24. Bg5 Re8 25. c5 e4 26. Qe2 dxc5 27. Nxc5 Qd6 28. b4 Qe5 29. Qf1 Bf8 30. Nd7 Qd6 31. Nf6+ Kh8 32. Rxc8 Rxc8 33. Nxe4 Qxb4 34. Bf6+ Kg8 35. Qd3 Nd6 36. Nxd6 Bxd6 37. Qe3 Kh7 38. Qf3 Rc4 39. Bg5 f5 40. Bd2 Qb2 41. Qe3 Bf8 42. Bc1 Qc2 43. Rf1 Qe4 44. Rd1 Qxe3 45. Bxe3 Bd6 46. Rb1 Rb4 47. Rxb4 Bxb4 48. Bg5 Kg7 49. Bxh4 Kf7 50. Bd8 Ke8 51. Bb6 Kd7 52. h4 Kd6 1/2-1/2

[Event "Oberliga Nord W 0910"]
[Site "Germany"]
[Date "2010.03.21"]
[Round "8.1"]
[White "Fish, Gennadij"]
[Black "Bangiev, Alexander J"]
[Result "1/2-1/2"]
[WhiteElo "2508"]
[BlackElo "2432"]
[PlyCount "61"]
[EventDate "2009.10.18"]
[EventType "team-tourn"]
[EventRounds "9"]
[EventCountry "GER"]
[SourceTitle "EXT 2011"]
[Source "ChessBase"]
[SourceDate "2010.11.26"]
[SourceVersion "1"]
[SourceVersionDate "2010.11.26"]
[SourceQuality "1"]
[WhiteTeam "Werder Bremen II"]
[BlackTeam "Hannover PSC"]
[WhiteTeamCountry "GER"]
[BlackTeamCountry "GER"]

1. e4 c5 2. Nf3 d6 3. Bc4 Nf6 4. Qe2 Nc6 5. c3 e6 6. Bb3 Be7 7. 0-0 0-0 8. d3 b6 9. Bg5 Bb7 10. Re1 Nd7 11. Bxe7 Qxe7 12. d4 Na5 13. Ba4 Nf6 14. Nbd2 cxd4 15. cxd4 d5 16. e5 Ne4 17. a3 Rac8 18. Rac1 Nxd2 19. Nxd2 Bc6 20. Bxc6 Rxc6 21. Rxc6 Nxc6 22. Qe3 Qb7 23. Rc1 Rc8 24. Rc3 Ne7 25. Nf3 Rxc3 26. Qxc3 Qc6 27. Qxc6 Nxc6 28. Kf1 Na5 29. Nd2 Nc6 30. Nf3 Na5 31. Nd2 1/2-1/2

[Event "Nuremberg LGA Cup 6th"]
[Site "Nuremberg"]
[Date "2009.09.06"]
[Round "6"]
[White "Bangiev, Alexander J"]
[Black "Bojkov, Dejan"]
[Result "0-1"]
[WhiteElo "2432"]
[BlackElo "2521"]
[PlyCount "94"]
[EventDate "2009.09.03"]
[EventType "swiss"]
[EventRounds "7"]
[EventCountry "GER"]
[SourceTitle "CBM 132 Extra"]
[Source "ChessBase"]
[SourceDate "2009.11.03"]
[SourceVersion "1"]
[SourceVersionDate "2009.11.03"]
[SourceQuality "1"]

1. e4 e5 2. f4 exf4 3. Bc4 d5 4. Bxd5 Nf6 5. Nc3 Bb4 6. Nf3 Bxc3 7. dxc3 c6 8. Bb3 Qxd1+ 9. Kxd1 0-0 10. Bxf4 Nxe4 11. Re1 Bf5 12. Ke2 Nd7 13. Kf1 Ndc5 14. Kg1 Rfe8 15. Be3 a6 16. Nh4 Be6 17. Bxe6 Rxe6 18. Bxc5 Nxc5 19. Rxe6 Nxe6 20. Rd1 g6 21. Nf3 Re8 22. Kf1 Re7 23. Ne5 Nf4 24. Nd3 Rd7 25. g3 Ne6 26. Re1 c5 27. b3 Kg7 28. Re2 Rd6 29. Kf2 b6 30. a4 f5 31. h4 Kf6 32. Ne5 b5 33. axb5 axb5 34. Nf3 h6 35. Rd2 Rxd2+ 36. Nxd2 g5 37. hxg5+ hxg5 38. Nb1 Ke5 39. Na3 Nc7 40. Kf3 g4+ 41. Kf2 f4 42. gxf4+ Kxf4 43. c4 b4 44. Nb5 Ne6 45. c3 g3+ 46. Kg2 Kg4 47. cxb4 Nf4+ 0-1

[Event "Nuremberg LGA Cup 6th"]
[Site "Nuremberg"]
[Date "2009.09.06"]
[Round "7"]
[White "Loew, Gerald"]
[Black "Bangiev, Alexander J"]
[Result "1-0"]
[WhiteElo "2287"]
[BlackElo "2432"]
[PlyCount "47"]
[EventDate "2009.09.03"]
[EventType "swiss"]
[EventRounds "7"]
[EventCountry "GER"]
[SourceTitle "CBM 132 Extra"]
[Source "ChessBase"]
[SourceDate "2009.11.03"]
[SourceVersion "1"]
[SourceVersionDate "2009.11.03"]
[SourceQuality "1"]

1. c4 d6 2. g3 e5 3. Bg2 g6 4. Nc3 Bg7 5. e4 Nf6 6. Nge2 0-0 7. 0-0 Na6 8. f4 c6 9. h3 Nc5 10. d3 a5 11. Be3 Qe7 12. Qd2 exf4 13. gxf4 Bd7 14. Rae1 Rae8 15. Ng3 Kh8 16. d4 Na6 17. e5 Ng8 18. Nge4 dxe5 19. fxe5 Rb8 20. Bf4 Qb4 21. b3 Bf5 22. Nd6 Bd7 23. Qd3 Nc7 24. Bd2 1-0

[Event "Nuremberg LGA Cup 6th"]
[Site "Nuremberg"]
[Date "2009.09.05"]
[Round "4"]
[White "Bangiev, Alexander J"]
[Black "Bauer, Andreas"]
[Result "1-0"]
[WhiteElo "2432"]
[BlackElo "2200"]
[PlyCount "79"]
[EventDate "2009.09.03"]
[EventType "swiss"]
[EventRounds "7"]
[EventCountry "GER"]
[SourceTitle "CBM 132 Extra"]
[Source "ChessBase"]
[SourceDate "2009.11.03"]
[SourceVersion "1"]
[SourceVersionDate "2009.11.03"]
[SourceQuality "1"]

1. e4 c5 2. Nf3 d6 3. d4 cxd4 4. Nxd4 Nf6 5. Nc3 a6 6. Bc4 e6 7. a4 Be7 8. 0-0 0-0 9. Be3 Qc7 10. Qe2 Nc6 11. Rad1 Bd7 12. Kh1 Rac8 13. Ba2 Nb4 14. Bb3 e5 15. Nf5 Bxf5 16. exf5 h6 17. f4 Rfe8 18. Qf3 Qc6 19. Qg3 e4 20. Bd4 d5 21. Bxd5 Nbxd5 22. Nxd5 Kh7 23. c3 Bf8 24. Bxf6 gxf6 25. c4 Bg7 26. b3 b5 27. axb5 axb5 28. Rfe1 bxc4 29. bxc4 Qxc4 30. Nb6 Qc6 31. Nxc8 Qxc8 32. Qb3 Qxf5 33. Qxf7 Qg6 34. Qd7 Rb8 35. Re3 Rg8 36. Rd5 Kh8 37. Rg3 Qe8 38. Rxg7 Qxd7 39. Rxg8+ Kxg8 40. Rxd7 1-0

[Event "Nuremberg LGA Cup 6th"]
[Site "Nuremberg"]
[Date "2009.09.04"]
[Round "2"]
[White "Bangiev, Alexander J"]
[Black "Reis, Gerhard"]
[Result "1-0"]
[WhiteElo "2432"]
[BlackElo "2202"]
[PlyCount "81"]
[EventDate "2009.09.03"]
[EventType "swiss"]
[EventRounds "7"]
[EventCountry "GER"]
[SourceTitle "CBM 132 Extra"]
[Source "ChessBase"]
[SourceDate "2009.11.03"]
[SourceVersion "1"]
[SourceVersionDate "2009.11.03"]
[SourceQuality "1"]

1. e4 c5 2. Nf3 e6 3. d4 cxd4 4. Nxd4 Nf6 5. Nc3 Nc6 6. Ndb5 d6 7. Bf4 e5 8. Bg5 a6 9. Na3 b5 10. Bxf6 gxf6 11. Nd5 f5 12. c3 Bg7 13. exf5 Bxf5 14. Nc2 Be6 15. a4 Bxd5 16. Qxd5 Ne7 17. Qf3 0-0 18. axb5 axb5 19. Rxa8 Qxa8 20. Qxa8 Rxa8 21. Kd1 Bh6 22. Na3 b4 23. cxb4 Nc6 24. b5 Nd4 25. Nc2 Rc8 26. Nxd4 Rc1+ 27. Ke2 exd4 28. g3 d5 29. f4 Bf8 30. Kd3 Rd1+ 31. Kc2 Re1 32. b6 Bc5 33. b7 Ba7 34. Bg2 Re2+ 35. Kb3 Re3+ 36. Kb4 d3 37. Bxd5 d2 38. Rd1 Rd3 39. Bg2 Rd8 40. Kc3 Be3 41. Bh3 1-0

[Event "Nuremberg LGA Cup 6th"]
[Site "Nuremberg"]
[Date "2009.09.04"]
[Round "3"]
[White "Hector, Jonny"]
[Black "Bangiev, Alexander J"]
[Result "1-0"]
[WhiteElo "2556"]
[BlackElo "2432"]
[PlyCount "91"]
[EventDate "2009.09.03"]
[EventType "swiss"]
[EventRounds "7"]
[EventCountry "GER"]
[SourceTitle "CBM 132 Extra"]
[Source "ChessBase"]
[SourceDate "2009.11.03"]
[SourceVersion "1"]
[SourceVersionDate "2009.11.03"]
[SourceQuality "1"]

1. e4 e5 2. Nf3 d6 3. d4 Nf6 4. dxe5 Nxe4 5. Qd5 Nc5 6. Bg5 Qd7 7. Nc3 Nc6 8. 0-0-0 dxe5 9. Nxe5 Qxd5 10. Nxd5 Ne6 11. Nxc6 Bd6 12. Bb5 a6 13. Nd4+ axb5 14. Nxb5 Bd7 15. Nxd6+ cxd6 16. Bf4 Nxf4 17. Nxf4 Rxa2 18. Rhe1+ Kd8 19. Rxd6 Ra1+ 20. Kd2 Rxe1 21. Kxe1 Re8+ 22. Kd2 Kc8 23. Rd3 Re5 24. Rg3 Rf5 25. Nd3 g6 26. Re3 Rh5 27. h3 Rg5 28. g4 Rb5 29. c4 Rb6 30. Kc3 h5 31. gxh5 gxh5 32. Rf3 Be8 33. Rf5 Rh6 34. Nf4 h4 35. Rg5 Bd7 36. Rg7 Be8 37. b4 Kd8 38. Rg8 Rf6 39. Rg4 Rh6 40. b5 Bd7 41. Rg8+ Be8 42. Nd5 Kd7 43. Kd4 Kd8 44. f4 Kd7 45. f5 Kd8 46. Ke5 1-0